Welcome to CU Library Online Public Access Catalogue (OPAC)

Therapist into Coach/ (Record no. 3607)

MARC details
000 -LEADER
fixed length control field 00430nam a22001457a 4500
005 - DATE AND TIME OF LATEST TRANSACTION
control field 20250207193345.0
008 - FIXED-LENGTH DATA ELEMENTS--GENERAL INFORMATION
fixed length control field 250207b |||||||| |||| 00| 0 eng d
020 ## - INTERNATIONAL STANDARD BOOK NUMBER
International Standard Book Number 9780335220519
050 ## - LIBRARY OF CONGRESS CALL NUMBER
Classification number RC481 SMI
100 ## - MAIN ENTRY--PERSONAL NAME
Personal name Smith, Julia Vaughan
245 ## - TITLE STATEMENT
Title Therapist into Coach/
Statement of responsibility, etc. Julia Vaughan Smith
260 ## - PUBLICATION, DISTRIBUTION, ETC.
Place of publication, distribution, etc. Maidenhead, England
Name of publisher, distributor, etc. McGraw Hill/Open University Press
Date of publication, distribution, etc. 2007
300 ## - PHYSICAL DESCRIPTION
Extent xii. 149p.
Other physical details ill.
Dimensions 23cm
942 ## - ADDED ENTRY ELEMENTS (KOHA)
Source of classification or shelving scheme Library of Congress Classification
Koha item type Books
Suppress in OPAC No
999 ## -
-- 3607
-- 3607
Holdings
Withdrawn status Lost status Source of classification or shelving scheme Damaged status Not for loan Collection Home library Current library Shelving location Date acquired Total checkouts Full call number Barcode Date last seen Copy number Price effective from Koha item type
    Library of Congress Classification     Non-fiction Science Library (Miotso) Science Library (Miotso) General stacks 02/07/2025   RC481 SMI SLM00003063 02/07/2025 1 02/07/2025 Books
    Library of Congress Classification     Non-fiction Science Library (Miotso) Science Library (Miotso) General stacks 02/07/2025   RC481 SMI SLM00003064 02/07/2025 2 02/07/2025 Books
    Library of Congress Classification     Non-fiction Science Library (Miotso) Science Library (Miotso) General stacks 02/07/2025   RC481 SMI SLM00003065 02/07/2025 3 02/07/2025 Books
    Library of Congress Classification     Non-fiction Science Library (Miotso) Science Library (Miotso) General stacks 02/07/2025   RC481 SMI SLM00003066 02/07/2025 4 02/07/2025 Books
    Library of Congress Classification     Non-fiction Science Library (Miotso) Science Library (Miotso) General stacks 02/07/2025   RC481 SMI SLM00003067 02/07/2025 5 02/07/2025 Books
© 2023-2024 Copyright: Central University Libraries. All Rights Reserved | Created by: Mahone Tech Office